000 00550nam a2200241Ia 4500
003 OSt
005 20220918200929.0
006 a|||||r|||| 00| 0
007 ta
008 220917b |||||||| |||| 00| 0 eng d
024 _a90,876
037 _cTextual
040 _aARTS
_cARTS
_beng
041 _2eng
_aeng
082 _aV1N19, F2
100 _aPollock
_996083
245 0 _aLeague of Nations
250 _a2nd
260 _c1922
650 _aHISTORY
942 _hV1N19, F2
_cTEXL
_2CC
999 _c214536
_d214536